000
00259pam a2200145 a 4500
020
_c
041
_h
100
_a
Laeeq Futehally
245
_a
This Earth of Ours
250
_a
Ist
260
_c
1991
300
_a
61
653
_a
Story
930
_a
21
999
_c
245874
_d
245874